LEADER 01418nam a2200325 a 4500 001 000000118846 003 CaOOAMICUS 005 20121009110337.0 008 091217s2009 gw u000 u ger r 020 $a978-3-451-02231-9 040 $aPUL$bita 245 00$aUnheilvolles Erbe? :$bzur Theologie der Erbsünde /$chrsg. von Helmut Hoping und Michael Schulz. 260 $aFreiburg ;$aBasel ;$aWien :$bHerder,$c©2009. 300 $a239 p. ;$c21 cm. 490 1 $aQuaestiones disputatae ;$v231 504 $aBibliografia in nota. 650 4$aAntropologia teologica.$0(OLS)http://pul/subject/34471 650 4$aPeccato originale.$0(OLS)http://pul/subject/1571 700 1 $aSchulz, Michael.$0(OLS)http://pul/name/53317 700 1 $aHoping, Helmut,$d1956-$0(OLS)http://pul/name/34929 830 0$aQuaestiones disputatae (Herder) ;$v231.$0(OLS)http://pul/title/18243 850 $aPUL 852 $aPUL$W1$xSL Religione 2$y84$mTheol A6 231$j136401$qStampati Altre Collocazioni$B135368$CPULBib$Z2$F135368 $H111934 $82 941 1 $a10 960 $aUomo (teologia)$934471 960 $aUomo (teologia)$934471 996 $6020$a978-3-451-02231-9$9(OLS)http://pul/number/142835 996 $6245$aUnheilvolles Erbe? :$bzur Theologie der Erbsünde$9(OLS)http://pul/title/149583 996 $6260$aFreiburg ;$aBasel ;$aWien :$bHerder$9(OLS)http://pul/publisher/48104 LEADER 01440nam a2200337 a 4500 001 000000171619 003 CaOOAMICUS 005 20240205104806.0 008 190320s2012 it u000 u ita r 020 $a978-88-08-32062-9* 032 $aLibriCat 040 $aPUL$bita 082 04$a342.0852 100 1 $aFinocchiaro, Francesco.$0(OLS)http://pul/name/27273 245 10$aDiritto ecclesiastico :$bedizione compatta /$cFrancesco Finocchiaro ; aggiornamento a cura di Andrea Bettetini e Gaetano Lo Castro. 250 $aQuinta edizione 260 $aBologna :$bZanichelli,$c2017. 300 $aXIII, 366 p. ;$c24 cm. 650 4$aDiritto ecclesiastico.$0(OLS)http://pul/subject/6 700 1 $aBettetini, Andrea,$d1963-$0(OLS)http://pul/name/35127 700 1 $aLo Castro, Gaetano,$d1940-2024.$0(OLS)http://pul/name/3662 850 $aPUL 852 $aPUL$W1$xSL Diritto e Scienze Sociali 3$y79$m342. 0852 FINFR 1$j195415$qDDC 21$B200276$CPULBib$Z2$F200276 $H132412 $82 941 1 $a9 960 $aDiritto e religione$96 960 $aDiritto e religione$96 996 $6020$a978-88-08-32062-9*$9(OLS)http://pul/number/165847 996 $6082$a342.0852$9(OLS)http://pul/classification/424 996 $6245$aDiritto ecclesiastico :$bedizione compatta$9(OLS)http://pul/title/192397 996 $6260$aBologna :$bZanichelli$9(OLS)http://pul/publisher/48255